| 000 | 00403nam a2200157Ia 4500 | ||
|---|---|---|---|
| 008 | 151213s9999 xx 000 0 und d | ||
| 020 | _a987-984-8853-01-6 | ||
| 100 | _aAhu Taher Majumder | ||
| 245 |
_aBangor A Lingering Glance _cAhu Taher Majumder |
||
| 260 |
_bPritom Prokash _c2010 |
||
| 300 | _a7170 p. | ||
| 650 | _aEnglish | ||
| 650 | _aEnglish | ||
| 700 | _aAhu Taher Majumder | ||
| 999 |
_c3810 _d3810 |
||